Киселев Андрей Петрович. Поздравление и личная просьба

Доступно только в Электронных читальных залах Найти на картеНа карте
RUSMARC
00004288nac2a22002893x 450
001c7a2e7ad-883d-46c4-a0b7-d86d6e8cc4ba
00520211209192026.0
100##$a20211120l19081912k y0rusy50 ca
1010#$arus
102##$aRU
105##$ay z |||||
1222#$ad19081231
$ad19121231
2001#$aКиселев Андрей Петрович. Поздравление и личная просьба
$j1908-1912
215##$a3 листа
251##$cДело
300##$aЗаголовок дела на папке: Телеграмма Киселева Андрея Петровича - Звегинцеву Ал. Ив. (Поздравление и просьба о билете в Думу)
300##$aЛист: 3 - телеграмма
300##$aМашинописный и рукописный текст
330##$aВходит в раздел описи: 1. Письма к А. И. Звегинцову. 2/ Письма по служебной деятельности А. И. Звегинцова
461#0$1001fc48e33c-c630-4015-85dd-2f2aab656f45
$12001
$aЗвегинцев Александр Иванович, помещик Воронежской губернии, депутат III Государственной думы, член партии "Союз 17 октября"
$1251
$cФонд
$1852
$j932
462#0$1001ddcf82e7-7bd9-4c5e-b7f1-85df8b3febb3
$12001
$aДела постоянного хранения. 1899-1913 гг.
$vД. 196
$1251
$cОпись
$1852
$j1
5171#$aТелеграмма Киселева Андрея Петровича - Звегинцеву Ал. Ив. (Поздравление и просьба о билете в Думу)
600#1$aЗвегинцев
$bА. И.
$gАлександр Иванович
600#1$aКиселев
$bА. П.
$gАндрей Петрович
801#0$aRU
$bGA_RF
801#1$aRU
$bГлавНИВЦ
$c20211120
$2rusmarc
801#2$aRU
$bПБ им. Б.Н. Ельцина
$c20211209
$gRCR
$2rusmarc
852##$aГА РФ
$j196
937##$d171377571
$hГАРФ
035##$aRuPRLIB51062468
856##$uhttp://readingroom.main.prlib.ru/item.aspx?id_node=n171377571&mode=full
Формат отображения